| 000 -ლიდერი |
| ფიქსირებული სიგრძის საკონტროლო ველი |
01770nam a2200313Ia 4500 |
| 001 - საკონტროლო ნომერი |
| საკონტროლო ველი |
1650 |
| 003 - საკონტროლო ნომრის იდენტიფიკატორი |
| საკონტროლო ველი |
GE_BSU |
| 005 - ბოლო ოპერაციის თარიღი და დრო |
| საკონტროლო ველი |
20251001151156.0 |
| 008 - ფიქსირებული სიგრძის მონაცემთა ელემენტები - ზოგადი ინფორმაცია |
| ფიქსირებული სიგრძის საკონტროლო ველი |
181216s2011||||ge |||||||||||||| ||geo|| |
| 020 ## - წიგნის საერთაშორისო სტანდარტული ნომერი |
| International Standard Book Number |
9789941180316 |
| 040 ## - კატალოგიზაციის წყარო |
| Transcribing agency |
GE_BSU |
| 041 ## - ენის კოდი |
| Language code of text/sound track or separate title |
geo |
| 080 ## - უნივერსალური ათობითი კლასიფიკაციის ინდექსი |
| Universal Decimal Classification number |
008+005 ჰ–85 |
| 100 ## - მთავარი ჩანაწერი - პიროვნების სახელი |
| Personal name |
ჰოფსტედე, გირტ |
| 9 (RLIN) |
25911 |
| 245 ## - ცნობა სათაურის შესახებ |
| Title |
კულტურები და ორგანიზაციები : |
| Remainder of title |
გონების პროგრამული უზრუნველყოფა / |
| Statement of responsibility, etc |
გირტ ჰოფსტედე და გერტ იან ჰოფსტედე; [მთარგმნ.: ლიანა ბარაბაძე, თამარ გოგიშვილი; რედ. ნინო ჯავახიშვილი]. |
| 264 ## - წარმოების, გამოცემის, დისტრიბუციის და სხვა ცნობები |
| გამოცემის, წარმოების, დისტრიბუციის... ადგილი |
თბილისი : |
| გამოცემის, წარმოების, დისტრიბუციის... სახელწოდება |
ილიას სახელმწ. უნ-ტი, |
| გამოცემის, წარმოების, დისტრიბუციის... თარიღი |
2011. |
| 300 ## - ფიზიკური აღწერა |
| Extent |
419 გვ. ; |
| Other physical details |
22 სმ. |
| 500 ## - ზოგადი შენიშვნა |
| General note |
სახ. და საგნ. ინდექსები: გვ. 391-417. |
| 501 ## - შენიშვნა თანმხლებ მასალაზე |
| With note |
შენიშვნ. და განმარტ.: გვ. 346-374. |
| 504 ## - BIBLIOGRAPHY, ETC. NOTE |
| Bibliography, etc |
ბიბლიოგრ.: გვ. 375-390. |
| 653 ## - INDEX TERM--UNCONTROLLED |
| Uncontrolled term |
კულტურის სოციოლოგია |
| 653 ## - INDEX TERM--UNCONTROLLED |
| Uncontrolled term |
სოციალური კომუნიკაცია |
| 700 ## - ADDED ENTRY--PERSONAL NAME |
| Personal name |
ჰოფსტედე, გერტ იან |
| Relator term |
ავტორი |
| 9 (RLIN) |
25912 |
| 700 ## - ADDED ENTRY--PERSONAL NAME |
| Personal name |
ბარაბაძე, ლიანა |
| Relator term |
მთარგმნელი |
| 9 (RLIN) |
25913 |
| 700 ## - ADDED ENTRY--PERSONAL NAME |
| Personal name |
გოგიშვილი, თამარ |
| Relator term |
მთარგმნელი |
| 9 (RLIN) |
25914 |
| 700 ## - ADDED ENTRY--PERSONAL NAME |
| Personal name |
ჯავახიშვილი, ნინო |
| Relator term |
რედაქტორი |
| 9 (RLIN) |
25915 |
| 942 ## - ADDED ENTRY ELEMENTS (KOHA) |
| Koha item type |
წიგნი |
| Source of classification or shelving scheme |
|